000 00531nam a22001697a 4500
005 20251108172534.0
008 250721s2002 xx 000 0 ara d
082 1 4 _a327.1/هار
100 1 _aهاردت، مايكل
245 1 0 _aالإمبراطورية : إمبراطورية العولمة الجديدة /
264 1 _aالرياض :
_bمكتبة العبيكات،
_c2002.
300 _a592 ص.
650 1 7 _aالعولمة
650 1 7 _aالنظام العالمي الجديد
942 _2ddc
_cBK
999 _c81958
_d81958